|
|
|
|
| LEADER |
00000nab a2200000 a 4500 |
| 001 |
vtls001010804 |
| 003 |
SK-MaSNL |
| 005 |
20260303041807.0 |
| 008 |
140402e20020000xo 0 slo |
| 035 |
|
|
|a RV11404
|
| 040 |
|
|
|a RVGKPD
|b slo
|c RVGKPD
|e AACR2
|
| 041 |
0 |
|
|a slo
|
| 044 |
|
|
|a xo
|c SK
|
| 080 |
|
|
|a 329.75
|2 1981
|
| 080 |
|
|
|a 061.25
|2 1981
|
| 100 |
1 |
|
|a Juncová, Anna
|4 aut
|9 1022132
|
| 245 |
1 |
0 |
|a Z výročných členských schôdzí
|
| 610 |
2 |
7 |
|a Slovenský zväz protifašistických bojovníkov
|2 RVGKPD
|9 30181
|
| 650 |
0 |
7 |
|a schôdze členské výročné
|2 RVGKPD
|9 1016179
|
| 651 |
|
7 |
|a Rožňava (Slovensko)
|2 RVGKPD
|9 17394
|
| 651 |
|
7 |
|a ML,RV,SN,
|2 RVGKPD
|9 1027294
|
| 773 |
0 |
8 |
|t Bojovník
|g Roč. 47, č.12 (2002), s. 5
|
| 852 |
|
|
|a ZVYKNI
|b KIS3GCP
|
| 999 |
|
|
|c 1688913
|d 1690843
|